Opening Day Lineups: San Diego Padres - Statistics

General Stats
  • This quiz has been taken 499 times
    90 since last reset
  • The average score is 22 of 80
Answer Stats
# Starts Answer % Correct
5 Fernando Tatís Jr.
94%
7 Manny Machado
94%
2 Jackson Merrill
81%
5 Jake Cronenworth
81%
3 Xander Bogaerts
81%
3 Yu Darvish
77%
3 Ha-Seong Kim
71%
1 Michael King
71%
1 Juan Soto
63%
4 Jurickson Profar
63%
1 Luis Arráez
63%
1 Elias Díaz
58%
1 Luis Campusano
54%
3 Trent Grisham
54%
8 Wil Myers
54%
5 Eric Hosmer
52%
1 Blake Snell
50%
2 Austin Nola
44%
1 Tony Gwynn Jr.
38%
1 Adrián González
35%
5 Chase Headley
35%
1 Justin Upton
35%
1 Melvin Upton Jr.
35%
2 Matt Kemp
33%
1 Tyler Wade
29%
3 Austin Hedges
27%
1 Hunter Renfroe
27%
1 James Shields
25%
3 Jedd Gyorko
25%
3 Everth Cabrera
23%
1 Luke Voit
23%
1 Yuli Gurriel
23%
1 Alexei Ramírez
21%
1 Carlos Quentin
19%
4 Nick Hundley
19%
1 Tyson Ross
19%
3 Will Venable
19%
1 Brandon Lockridge
17%
1 Clayton Richard
17%
3 Cameron Maybin
15%
1 Cory Spangenberg
15%
1 Kyle Blanks
15%
2 Orlando Hudson
15%
1 René Rivera
15%
2 Tommy Pham
15%
1 Will Middlebrooks
15%
4 Yonder Alonso
15%
1 David Eckstein
13%
2 Derek Norris
13%
1 Andrew Cashner
10%
3 Chris Denorfia
10%
1 Chris Paddack
10%
1 Cody Ransom
10%
1 Freddy Galvis
10%
1 Jesús Guzmán
10%
1 Jhoulys Chacin
10%
3 Manuel Margot
10%
1 Travis Jankowski
10%
1 Ty France
10%
2 Yangervis Solarte
10%
1 Brad Hawpe
8%
1 David Dahl
8%
2 Edinson Vólquez
8%
1 Erick Aybar
8%
1 Eric Lauer
8%
1 Franmil Reyes
8%
1 John Garland
8%
1 Jon Jay
8%
1 Matt Carpenter
8%
1 Ryan Ludwick
8%
1 Ryan Schimpf
8%
1 Tim Stauffer
8%
1 Victor Caratini
8%
1 Carlos Asuaje
6%
1 Clint Barmes
6%
1 Ian Kinsler
6%
2 Jason Barlett
6%
1 José Pirela
6%
1 Francisco Mejía
4%
1 Tommy Medica
4%
No matching quizzes found
Score Distribution
Percent of People with Each Score
Percentile by Number Answered
Your Score History
You have not taken this quiz since the last reset